La Russie pour les touristes... - Statistiques

Statistiques générales
  • Ce quiz a été pris 57 fois
    30 depuis la dernière actualisation
  • Le résultat moyen est 11 sur 20
Statistiques - réponses
Question Indice Réponses % Correct
Quelles sont les principales villes touristiques ? M Moscou
100%
Le suffixe internet est ru
100%
Quelle est la langue officielle ? Russe
100%
Quelles sont les principales villes touristiques ? S Saint-Petersbourg
96%
La conduite se fait à droite ou à gauche ? Droite
92%
Dans la capitale y-a-t-il un décalage horaire avec Paris ? (oui/non) Oui
92%
Quelle est la monnaie ? Rouble
88%
Le taux d'alcoolémie toléré au volant est de {0} g/l
69%
La vitesse est limitée sur autoroutes à {110} km/h
69%
Quelles sont les principales villes touristiques ? V Vladivostok
58%
Quels sites peut-on visiter ? B Lac {Baïkal}
54%
Quelles autres langues sont répandues ? A Anglais
50%
Quelles autres langues sont répandues ? A Allemand
42%
La religion majoritaire est O Orthodoxisme
31%
Quelles sont les principales villes touristiques ? K Kazan
27%
Achats à faire 1/ Empilables Matriochka
27%
Quelles sont les principales villes touristiques ? I Irkoutsk
15%
Quels sites peut-on visiter ? C Région de {Carélie}
4%
Achats à faire 3/ Boite en Laque
0%
Achats à faire 2/ Châles de... Pavolvski-Possad
0%
Aucun quiz correspondant
Distribution des résultats
% des personnes avec chaque résultat
Percentile par nombre de réponses
Votre historique - résultats
Vous n’avez pas pris ce quiz depuis la dernière actualisation